En defensa de la sociología /

Bibliographic Details
Main Author: Giddens, Anthony
Format: Libro
Language:English
Published: Madrid, España Alianza 2000
Edition:1a.ed.
Series:Ciencias sociales 165
Subjects:
Online Access:

MARC

LEADER 00000cam a2200000 a 4500
001 003260
003 UAHC_CL
005 20170803115921.0
008 010822b xx j 000 1 eng
020 |a 8420667528 
040 |a UAHC_CL  |c UAHC_CL  |d UAHC_CL 
100 1 |a Giddens, Anthony 
245 1 0 |a En defensa de la sociología /  |c Anthony Giddens. 
250 |a 1a.ed. 
260 |b Alianza  |c 2000  |a Madrid, España 
300 |a 102 p. 
490 0 |a Ciencias sociales  |v 165 
650 4 |a CIENCIAS SOCIALES 
650 4 |a TEORIA SOCIOLOGICA 
650 4 |a SOCIOLOGIA 
653 |a SOCIOLOGIA 
900 |a 301 GIDD 
942 |c BK 
952 |0 0  |1 0  |4 0  |6 301_000000000000000_GIDD  |7 0  |8 General  |9 7179  |a BC  |b BC  |c General  |d 2017-08-03  |l 1  |o 301 GIDD  |p 1315285  |r 2026-01-07 00:00:00  |s 2019-06-25  |t 1  |w 2017-08-03  |y BK 
999 |c 3260  |d 3260